000 00620nam a2200265Ia 4500
005 20260324152704.0
008 008 260324s9999 xx 000 0 eng d
020 _a9780128046296
037 _aEBOOK
040 _aCRL
040 _beng
040 _cCRL
041 _2eng
041 _aeng
084 _qCRL
100 _aAu, Man Ho
_91229481
245 0 _aMobile Security and Privacy
260 _bElsevier
260 _c2016
650 _aComputer Science
856 _uhttps://www.sciencedirect.com/science/book/9780128046296
942 _cEBOOK
999 _c1840274
_d1840274